000 00338nam a22001217a 4500
082 _a332.4222
_bGRE
_cECG.1
100 _aGregory, T.E
_949580
245 _aThe gold standard and its future
_cGregory, T.E
260 _aLondon
_bMethuen & Co ltd
_c1932
526 _a0
_b0
_c0
_d332_422200000000000_GRE
650 _aMCE
_9379
942 _2ddc
_cBK
999 _c552368
_d552368